| Registos Bibliográficos associados ao registo de autoridade |
|
Etiqueta de registo: 00000nkm 2200025 450 001 2280216 003 http://id.bnportugal.gov.pt/bib/catbnp/2280216 100 ## $a20260313f1987 m y0pory01030103ba 101 0# $apor 102 ## $aPT 200 1# $aIII Semana Académica de Lisboa, noite de fado, domingo 10 de maio$bVisual gráfico]$fAssociação Académica de Lisboa$gdesign Pedro Fernandes 210 #9 $aLisboa$cAssociação Académica de Lisboa,$d[1987] 215 ## $a1 cartaz$ccolor.$d59,5X41 cm 306 ## $aDatação atribuída, em conformidade com o calendário perpétuo 316 ## $aExemplar com rasgão na margem inferior esquerda sem prejuízo da iconografia 317 ## $aColeção Madeira Luís 702 #1 $99$aFernandes,$bPedro$4410$31991356 710 02 $aSemana Académica de Lisboa,$d3,$eLisboa,$f1987$31991362 712 02 $aAssociação Académica de Lisboa$4557$368901 801 #0 $aPT$bBN$gRPC 966 ## $lBN$mICONOG$sCT. 24826 A.$x3 971 ## $cCaticonografia7$d20260313 972 ## $d20260417$e1$v fpinelo$z0 995 ## $aPRR2026
|
|
|